00793nam a2200205Ia 4500008004100000020001800041082001500059100001900074245007300093250000800166260002500174300001300199500002400212650001500236942000700251952010400258952010400362952010400466999001700570230524s9999 xx 000 0 und d a9780070615632 a658.3bCAS aWayne F.Cascio 0aManaging Human Resources : Productivity Quality of Work Life Profits a7TH aNEW DELHIbTMHc2008 aXXIV;662 aQuantity Number: 3 aManagement cBK 00104070aTATCLbTATCLcGENd2023-05-24l0o658.3 CASp27177r2023-05-24w2023-05-24yBKzMBA3102 00104070aTATCLbTATCLcGENd2023-05-24l0o658.3 CASp27178r2023-05-24w2023-05-24yBKzMBA3102 00104070aTATCLbTATCLcGENd2023-05-24l0o658.3 CASp27179r2023-05-24w2023-05-24yBKzMBA3102 c41290d41290